Empatía y visión : (Registro nro. 12384)

Detalles MARC
000 -LEADER
longitud fija campo de control 01947nam a22004097a 4500
003 - IDENTIFICADOR DE NUMERO DE CONTROL
control del campo AR-RoUNA
005 - FECHA DE LA ULTIMA MODIFICACION
control del campo 20260410074419.0
008 - CAMPO DE CONTROL - LIBROS
longitud fija campo de control 260409b |||||||| |||| 00| 0 spa d
020 ## - INTERNATIONAL STANDARD BOOK NUMBER
ISBN 9783534642007
040 ## - ORIGEN DE LA CATALOGACION
Agencia que cataloga la obra original AR-RoUNA
Idioma en que se cataloga spa
Entidad que modifico el registro AR-RoUNA
041 ## - CODIGO DE IDIOMA
Codigo de idioma del texto / sonido o titulo separado spa
044 ## - CODIGO DE PAIS / ENTIDAD PRODUCTORA
Codigo MARC del pais ag
100 1# - ASIENTO PRINCIPAL - NOMBRE PERSONAL
Nombre personal Piccoli, Lucio
9 (RLIN) 27673
245 10 - TITULO PROPIAMENTE DICHO
Titulo Empatía y visión :
Subtitulo entre espacios de urbanismo, fotografía y diseño en Argentina y Alemanía (ca. 1900–1950) /
Mencion de responsabilidad, etc Lucio Piccoli
250 ## - MENCION DE EDICION
Edicion declarada 1a. ed.
260 ## - EDITORIAL - PUBLICACION, DISTRIBUCION, ETC. (Pie de imprenta)
Lugar de publicacion, distribucion, etc Berlín :
Nombre del editor, distribuidor, etc Wbg Academic in der Verlag Herder GmbH,
Fecha de publicacion 2020
300 ## - DESCRIPCION FISICA
Extension 310 p.:
Otros detalles fisicos fot. col.,
Dimensiones 22x15 cm
490 ## - MENCION DE SERIE
Titulo de la serie Historamericana
Numero del volumen / designacion secuencial v. 61
500 ## - NOTA GENERAL
Nota general Lucio Piccoli (Rosario,1986) es docente e investigador en el departamento de historia del Lateinamerika-Institut de la Freie Universität Berlin. Se especializa en la historia cultural del modernismo y las vanguardias artísticas del período de entreguerras, así como en la planificación urbana y regional en América Latina durante la Guerra Fría.
520 3# - NOTA DE RESUMEN
Nota de resumen, etc. La obra analiza el proceso de profesionalización y renovación disciplinar del urbanismo, la fotografía y el diseño en Alemania y Argentina durante la primera mitad del siglo XX. A partir del concepto de percepción empática, el autor propone un nuevo paradigma interpretativo que permite comprender la circulación de ideas modernistas y las transformaciones estéticas del periodo.
600 14 - MATERIA - NOMBRES PERSONALES
Nombre personal Hegemann, Werner
9 (RLIN) 6585
600 14 - MATERIA - NOMBRES PERSONALES
Nombre personal Stern, Grete
9 (RLIN) 27674
600 14 - MATERIA - NOMBRES PERSONALES
Nombre personal Maldonado, Tomas
9 (RLIN) 1443
650 #4 - MATERIA - TERMINO TEMATICO
Término temático general Urbanismo
650 #4 - MATERIA - TERMINO TEMATICO
Término temático general Historia cultural
650 #4 - MATERIA - TERMINO TEMATICO
Término temático general Analisis historiografico
650 #4 - MATERIA - TERMINO TEMATICO
Término temático general Modermismo
650 #4 - MATERIA - TERMINO TEMATICO
Término temático general Vanguardias
650 #4 - MATERIA - TERMINO TEMATICO
Término temático general Siglo XX
651 #4 - MATERIA - NOMBRE GEOGRAFICO
Termino geografico Alemania
9 (RLIN) 1387
651 #4 - MATERIA - NOMBRE GEOGRAFICO
Termino geografico Argentina
9 (RLIN) 58
908 ## - SOPORTE
Soporte Imp
930 ## - ACCESION
Numero de accesion (NR) 12323
942 ## - FUENTE DE CLASIFICACION
Clasificacion Dewey Decimal Classification
Tipo de item Libro
945 ## - INFORMACION DE PROCESAMIENTO
Codigo del operador MIA
Fecha de ingreso o modificacion 2026-04-09
980 ## - DECLARACIÓN DE EQUIVALENCIA O SERIE DE REFERENCIA CRUZADA - NOMBRE / TÍTULO PERSONAL [LOCAL, CANADÁ]
Código del operador 1
Nombre del operador Maricel Allasia
Código del operador que modifico el registro 5
Nombre del operador que modifico el registro María Machado
Existencias
Estado retiro Estado perdido Sistema de clasificacion Estado general Restricciones de uso Biblioteca de origen Ubicacion actual Localizacion en estante Fecha de adquisicion Fuente de adquisicion Prestamos totales Signatura y librística Proveedor Numero de ejemplar Tipo de elemento KOHA Nota no publica
Disponible Disponible cdu No dañado Ningun uso de restricciones Arq. Hilarión H. Larguia Arq. Hilarión H. Larguia Tec 09/04/2026 Don   711(82+430) P591 18485 ej. 1 Libro